000 01392nam0a2200277 i 4500
001 RU\NLR\BIBL_A\011398581
005 20241104143301.0
010 _a9785927517473
_950
021 _aRU
_b2017-35052
_92570
035 _a(RuMoRGB)008885697
035 _a(NLR Aleph) 011398581
090 _a11494582
_c11494582
100 _a20170602d2015 km y0rusy50 ca
101 0 _arus
102 _aRU
105 _ay|||z|||000zy
200 1 _aОчерки истории Донского края
_e[монография]
_fК. Г. Малыхин
_gМинистерство образования и науки Российской Федерации, Федеральное государственное автономное образовательное учреждение высшего образования "Южный федеральный университет", Институт истории и международных отношений
210 _aРостов-на-Дону
_cИзд-во Южного федерального университета
_d2015
215 _a210 с.
_d21
607 _aРостовская область
_xИстория
_91350082
_3RU\NLR\AUTH\66249019
686 1 _aТ3(2Р-4Р)0,02
700 1 _aМалыхин
_bК. Г.
_gКонстантин Германович
942 _cBOOK
980 _aNBR